Rock in Rio Headliners - Statistics

General Stats
  • This quiz has been taken 28 times
  • The average score is 26 of 42
Answer Stats
Year Song Headliner % Correct
2011 Rocket Man Elton John
100%
1991, 2001, 2011, 2017, 2022 Sweet Child O' Mine Guns N' Roses
100%
1985, 2011 We Will Rock You Queen
100%
2022 American Idiot Green Day
95%
2017 Dream On Aerosmith
90%
2013, 2017, 2019 Livin' On a Prayer Bon Jovi
90%
2013 Born in the USA Bruce Springsteen
90%
2011, 2013, 2015 Master of Puppets Metallica
90%
1991 Purple Rain Prince
90%
1985 Highway to Hell AC/DC
86%
1991 Take On Me A-ha
86%
2019 Everlong Foo Fighters
81%
1991 Careless Whisper George Michael
81%
2001, 2013, 2019, 2022 The Trooper Iron Maiden
81%
2001, 2011, 2017, 2019 Under the Bridge Red Hot Chili Peppers
76%
2001 Losing My Religion R.E.M.
76%
2011 Hips Don't Lie Shakira
76%
2017 Baba O' Riley The Who
71%
2011, 2022 The Scientist Coldplay
67%
2011, 2015 We Found Love Rihanna
62%
2011 I Just Called to Say I Love You Stevie Wonder
62%
2022 Love Yourself Justin Bieber
57%
2013 Halo Beyoncé
52%
2019 Hotline Bling Drake
52%
2015 Teenage Dream Katy Perry
52%
2017 She Will Be Loved Maroon 5
48%
2015 Before I Forget Slipknot
48%
2011, 2015 B.Y.O.B. System of a Down
48%
2022 Levitating Dua Lipa
43%
2001 Harvest Moon Neil Young
43%
2001 Fields of Gold Sting
43%
1991 Never Tear Us Apart INXS
38%
2013, 2019 Uprising Muse
38%
2019 So What Pink
38%
2022 Circles Post Malone
38%
1985, 2015 I Don't Want to Talk About It Rod Stewart
38%
1985 Roundabout Yes
38%
1985 You've Got a Friend James Taylor
33%
2013, 2017 Mirrors Justin Timberlake
33%
1991 Step By Step New Kids on the Block
29%
1985 Give Me the Night George Benson
19%
2001 Tearin' Up My Heart NSYNC
19%
No matching quizzes found
Score Distribution
Percent of People with Each Score
Percentile by Number Answered
Your Score History
You have not taken this quiz